EA FC26 All Gold Uruguay Players - Statistics

General Stats
  • This quiz has been taken 24 times
  • The average score is 14 of 32
Answer Stats
Rate Club Answer % Correct
89 Real Madrid Federico Valverde
100%
83 Barcelona Ronald Araujo
90%
83 Atletico Madrid Jose Gimenez
85%
79 Inter Miami Luis Suarez
85%
80 Spurs Rodrigo Bentancur
85%
77 Sporting Maximiliano Araujo
80%
83 Galatasaray Lucas Torreira
75%
79 Man United Manuel Ugarte
75%
78 Napoli Mathias Olivera
65%
76 Boca Juniors Edinson Cavani
60%
79 Al Hilal Darwin Nunez
55%
79 Estudiantes Fernando Muslera
55%
76 Wolves Santiago Bueno
50%
77 Girona Cristhian Stuani
45%
80 Getafe Mauro Arambarri
40%
79 Braga Rodrigo Zalazar
40%
76 Portland Timbers Jonathan Rodriguez
35%
78 Penarol Leonardo Fernandez
35%
75 U. de Chile Sebastian Rodriguez
35%
77 Lazio Matias Vecino
30%
76 Al Qadsiah Nahitan Nandez
25%
76 Nacional Nicolas Lopez
25%
75 Torino Franco Israel
20%
75 Al Qadsiah Gaston Alvarez
20%
75 Espanyol Leandro Cabrera
20%
76 Boca Juniors Miguel Merentiel
20%
79 Nacional Sebastian Coates
20%
75 Columbus Crew Diego Rossi
15%
75 Bolivar Martin Cauteruccio
15%
75 Estudiantes Tiago Palacios
15%
75 Estudiantes Gabriel Neves
10%
75 Racing Club Gaston Martirena
10%
No matching quizzes found
Score Distribution
Percent of People with Each Score
Percentile by Number Answered
Your Score History
You have not taken this quiz